• 首页
  • 本馆介绍
  • 公告通知
  • 最新文献
  • 馆藏检索
  • 电子资源
  • 读者导购
  • 参考咨询
  • 我的图书馆
  • 登录
  • 详细信息显示
  • 放入我的书架
  • 预约/预借图书
  • 作者相关作品
  • 分类相关作品
  • 丛书相关作品
  • 出版社相关作品

书目信息

  • 表格格式
  • 工作单格式
  • 卡片格式
题名:
计算机组成原理
    
 
作者: 秦磊华 , 吴非 , 莫正坤 编著
分册:  
出版信息: 北京   清华大学出版社  2011.02
页数: 12, 395页
开本: 26cm
丛书名:
单 册:
中图分类: TP303
科图分类:
主题词: 计算机体系结构--ji suan ji ti xi jie gou--教材 , 计算机组成原理--ji suan ji zu cheng yuan li
电子资源:
ISBN: 978-7-302-24089-1
000 01039nam0 2200277 450
001 0106081739
005 20201106082042.0
010    @a978-7-302-24089-1@dCNY49.00
100    @a20110222e20192011em y0chiy50 ea
101 0  @achi
102    @aCN@b110000
105    @ay z 000yy
106    @ar
200 1  @a计算机组成原理@Aji suan ji zu cheng yuan li@f秦磊华, 吴非, 莫正坤编著
210    @a北京@c清华大学出版社@d2011.02@h2019.07
215    @a12, 395页@d26cm
300    @a普通高等教育“十一五”国家级规划教材计算机系列教材
330    @a本书分9章,内容包括计算机系统概论、计算机中数据信息的表示方法、运算方法与运算器设计、存储系统、指令系统、控制器的工作原理与设计方法等。
606 0  @a计算机体系结构@Aji suan ji ti xi jie gou@j教材
606 0  @a计算机组成原理@Aji suan ji zu cheng yuan li
690    @aTP303@v5
701  0 @a秦磊华@Aqin lei hua@f(1968~)@4编著
701  0 @a吴非@Awu fei@c(计算机)@4编著
701  0 @a莫正坤@Amo zheng kun@c(大学教师)@4编著
801  0 @aCN@bBJSZM@c20201106
905    @b1190444-7@dTP303@e1061@f4
    
    计算机组成原理/秦磊华, 吴非, 莫正坤编著.-北京:清华大学出版社,2011.02(2019.07)
    12, 395页;26cm
    普通高等教育“十一五”国家级规划教材计算机系列教材
    
    ISBN 978-7-302-24089-1:CNY49.00
    本书分9章,内容包括计算机系统概论、计算机中数据信息的表示方法、运算方法与运算器设计、存储系统、指令系统、控制器的工作原理与设计方法等。
●
相关链接 在E读中查询图书 在五车中查询图书 在当当中查询图书 在豆瓣中查询图书


正题名:计算机组成原理     索取号:TP303/1061         预约/预借

序号 登录号 条形码 馆藏地/架位号 状态 备注
1 1190444   211904448   第二样本阅览室/ [索取号:TP303/1061] 在馆    
2 1190445   211904457   第三借阅区/ [索取号:TP303/1061] 在馆    
3 1190446   211904466   第三借阅区/ [索取号:TP303/1061] 在馆    
4 1190447   211904475   第三借阅区/ [索取号:TP303/1061] 在馆    
唐山师范学院图书馆 欢迎您!
大连网信软件有限公司© 版权所有